LEADER 01339nam a2200301 a 4500 001 000000126558 003 CaOOAMICUS 005 20111019102723.0 008 111019s2011 ne u000 u eng r 020 $a978-90-04-20651-9 040 $aPUL$bita 082 04$a225.5 100 1 $aMoffitt, David M.$0(OLS)http://pul/name/80660 245 10$aAtonement and the logic of resurrection in the Epistle to the Hebrews /$cby David M. Moffitt. 260 $aLeiden ;$aBoston :$bBrill,$c2011. 300 $axix, 338 p. ;$c25 cm 490 1 $aSupplements to Novum Testamentum ;$v141 504 $aInclude riferimenti bibliografici e indici. 630 04$aBiblia.$pN.T.$pAd Hebraeos$xCritica e interpretazione.$0(OLS)http://pul/subject/9391 830 0$aSupplements to Novum Testamentum ;$v141.$0(OLS)http://pul/title/4774 850 $aPUL 852 $aPUL$W1$xSL Religione 3$y85$m225. 5 COLL 1.141$j146327$qDDC 21$B145038$CPULBib$Z2$F145038 $H118075 $82 941 1 $a9 996 $6020$a978-90-04-20651-9$9(OLS)http://pul/number/148142 996 $6082$a225.5$9(OLS)http://pul/classification/1678 996 $6245$aAtonement and the logic of resurrection in the Epistle to the Hebrews$9(OLS)http://pul/title/159837 996 $6260$aLeiden ;$aBoston :$bBrill$9(OLS)http://pul/publisher/68781 LEADER 01419nam a2200313 u 4500 001 000000083282 003 CaOOAMICUS 005 20070226123943.0 008 050502s1997 sz af u000 u eng u 020 $a3727811382 (University Press) 020 $a3525537913 (Vandenhoeck & Ruprecht) 035 $a11043982 040 $aPUL$bita 100 1 $aLichtheim, Miriam.$0(OLS)http://pul/name/54831 245 10$aMoral values in ancient Egypt /$cMiriam Lichtheim. 260 $aFreiburg, Schweiz :$bUniversity Press ;$aGöttingen :$bVandenhoeck & Ruprecht,$cc1997. 300 $a110 p., [2] p. di tav. :$bill. ;$c24 cm 490 1 $aOrbis biblicus et orientalis ;$v155 504 $aBibliografia p. 103-110. 830 0$aOrbis biblicus et orientalis ;$v155.$0(OLS)http://pul/title/14045 850 $aPUL 852 $aPUL$W1$xSL Religione 3$y85$m220. 05 COLL 1.155$j105975$nBK-PRI$qDDC 21$B105975$CPULBib$Z2$F105975 $HPUL98028 $82 941 1 $a9 983 0$aOBO. 996 $6020$a3727811382 (University Press)$9(OLS)http://pul/number/110391 996 $6020$a3525537913 (Vandenhoeck & Ruprecht)$9(OLS)http://pul/number/110392 996 $6245$aMoral values in ancient Egypt$9(OLS)http://pul/title/108610 996 $6260$aFreiburg, Schweiz :$bUniversity Press$9(OLS)http://pul/publisher/76519 996 $6260$aGöttingen :$bVandenhoeck & Ruprecht$9(OLS)http://pul/publisher/47973